<?xml version="1.0" encoding="UTF-8"?>
<record
    xmlns:xsi="http://www.w3.org/2001/XMLSchema-instance"
    xsi:schemaLocation="http://www.loc.gov/MARC21/slim http://www.loc.gov/standards/marcxml/schema/MARC21slim.xsd"
    xmlns="http://www.loc.gov/MARC21/slim">

  <leader>00424nam a2200145Ia 4500</leader>
  <controlfield tag="008">230718s9999    xx            000 0 und d</controlfield>
  <datafield tag="041" ind1=" " ind2=" ">
    <subfield code="a">eng</subfield>
  </datafield>
  <datafield tag="082" ind1=" " ind2=" ">
    <subfield code="a">658.7'82</subfield>
    <subfield code="b">COO</subfield>
  </datafield>
  <datafield tag="100" ind1=" " ind2=" ">
    <subfield code="a">Cooney E.M.</subfield>
    <subfield code="9">160733</subfield>
  </datafield>
  <datafield tag="245" ind1=" " ind2=" ">
    <subfield code="a">Rfid + The Complete Review Of Radio Frequency Identification</subfield>
  </datafield>
  <datafield tag="260" ind1=" " ind2=" ">
    <subfield code="b">Thomson Delmar Learning</subfield>
  </datafield>
  <datafield tag="365" ind1=" " ind2=" ">
    <subfield code="c">Rs.</subfield>
    <subfield code="b">272.00</subfield>
  </datafield>
  <datafield tag="700" ind1=" " ind2=" ">
    <subfield code="a">Cooney E.M.</subfield>
    <subfield code="9">160733</subfield>
  </datafield>
  <datafield tag="906" ind1=" " ind2=" ">
    <subfield code="d">B:714403-Oct-2008</subfield>
    <subfield code="c">ETC </subfield>
    <subfield code="b">57.12</subfield>
  </datafield>
  <datafield tag="999" ind1=" " ind2=" ">
    <subfield code="c">319514</subfield>
    <subfield code="d">319514</subfield>
  </datafield>
  <datafield tag="952" ind1=" " ind2=" ">
    <subfield code="0">0</subfield>
    <subfield code="1">0</subfield>
    <subfield code="4">0</subfield>
    <subfield code="7">0</subfield>
    <subfield code="a">CCEP</subfield>
    <subfield code="b">CCEP</subfield>
    <subfield code="d">2008-10-22</subfield>
    <subfield code="e">Book Land</subfield>
    <subfield code="f">ETC </subfield>
    <subfield code="g">214.88</subfield>
    <subfield code="i">7144</subfield>
    <subfield code="l">0</subfield>
    <subfield code="o">658.7'82</subfield>
    <subfield code="p">CCEP-BK-30721</subfield>
    <subfield code="r">2023-07-18 00:00:00</subfield>
    <subfield code="t">57.12</subfield>
    <subfield code="v">272.00</subfield>
    <subfield code="w">2008-10-03</subfield>
    <subfield code="y">BK</subfield>
    <subfield code="z">030721</subfield>
  </datafield>
</record>
